| 000 | 01475cam a22003734a 4500 | ||
|---|---|---|---|
| 001 | 13454524 | ||
| 003 | OSt | ||
| 005 | 20140310181721.0 | ||
| 008 | 040112s2004 meua b 000 0 eng | ||
| 010 | _a 2004040720 | ||
| 020 | _a1931930007 | ||
| 040 |
_aDLC _cDLC _dDLC _dDLC |
||
| 042 | _apcc | ||
| 050 | 0 | 0 |
_aHM 1211 _b.P485 2004 |
| 082 | 0 | 0 |
_aIB 303.482 _bP44 2004 |
| 100 | 1 | _aPeterson, Brooks. | |
| 245 | 1 | 0 |
_aCultural intelligence : _ba guide to working with people from other cultures / _cBrooks Peterson. |
| 246 | 3 | 0 | _aWorking with people from other cultures |
| 260 |
_aYarmouth, Me. : _bIntercultural Press, _c2004. |
||
| 300 |
_aviii, 229 p. : _bill. ; _c23 cm. |
||
| 504 | _aIncludes bibliographical references (p. [225]-229). | ||
| 562 | _eFor circulation. 1 copy available in the collection | ||
| 650 | 0 | _aIntercultural communication. | |
| 650 | 0 | _aCultural awareness. | |
| 650 | 0 | _aSocial intelligence. | |
| 650 | 0 | _aCross-cultural orientation. | |
| 650 | 0 |
_aBusiness communication _vCross-cultural studies. |
|
| 650 | 0 |
_aInterpersonal communication _vCross-cultural studies. |
|
| 856 | 4 | 2 |
_3Contributor biographical information _uhttp://www.loc.gov/catdir/enhancements/fy1109/2004040720-b.html |
| 906 |
_a7 _bcbc _corignew _d1 _eocip _f20 _gy-gencatlg |
||
| 942 |
_2lcc _cBK |
||
| 999 |
_c1983 _d1983 |
||